000 00763nam a2200181Ia 4500
008 100920s9999 xx 000 0 und d
082 _b100585
_a28 व 539 न 07
100 _aकुकडे सुमती.
245 _aस्वच्छ पाणी आरोग्याची गुरूकिल्ली.
260 _bदिलीपराज प्रकाशन,पुणे.
_c2007
300 _a42
_bसाधी
365 _b30
520 _aबा.वि.शाअ.
630 _aस्वच्छ पाणी आरोग्याची गुरूकिल्ली.
650 _aबा.वि.शाअ.
730 _aस्वच्छ पाणी आरोग्याची गुरूकिल्ली.
942 _cBOOK
999 _c741023
_d741020